كلمة لا اله الا الله و كيف تنفع قائلها / (رقم التسجيلة. 18945)

تفاصيل مارك
000 -الفاتح
عناصر البيانات ثابتة الطول 00694cam a2200193 i 4500
005 - تاريخ ووقت آخر معاملة
حقل ضبط 20251203113642.0
008 - عناصر البيانات ثابتة الطول
عناصر البيانات ثابتة الطول 250721s1996 le gr 000 0 ara d
082 14 - رقم تصنيف ديوي العشري
رقم التصنيف 214.1
رقم المادة ز ي ب
100 1# - مدخل رئيسي – اسم شخصي
الاسم الشخصي الزيبارى، عامر سعيد
علاقة الشخص بالعمل/ دوره مؤلف.
245 10 - بيان العنوان
العنوان كلمة لا اله الا الله و كيف تنفع قائلها /
بيان المسؤولية تاليف الدكتور عامر سعيد الزيباري.
250 ## - بيان الطبعة
بيان الطبعة الطبعة الاولى.
264 31 - بيانات النشر، التوزيع…إلخ
مكان النشر، التوزيع...إلخ بيروت :
اسم الناشر، الموزع...إلخ دار ابن حزم،
تاريخ النشر، التوزيع...إلخ 1996.
300 ## - الوصف المادي
عدد الوحدات المكونة للوعاء 128صفحة.
650 17 - مدخل إضافي بالموضوع - مصطلح موضوعي
مصطلح موضوعي أو اسم جغرافي كعنصر مدخل التوحيد.
650 17 - مدخل إضافي بالموضوع - مصطلح موضوعي
مصطلح موضوعي أو اسم جغرافي كعنصر مدخل الإسلام.
650 17 - مدخل إضافي بالموضوع - مصطلح موضوعي
مصطلح موضوعي أو اسم جغرافي كعنصر مدخل أصول الدين الإسلامي.
942 ## - بيانات إضافية (كوها)
نوع التنصيف Dewey Decimal Classification
نوع المادة (كوها) كتب
المقتنيات
حالة السحب حالة الفقدان مصدر التصنيف حالة التلف غير قابل للإعارة المكتبة الرئيسية المكتبة الحالية موقع الرف تاريخ التزويد الرقم المتسلسل Total Checkouts رقم الإستدعاء الباركود تاريخ آخر ظهور تاريخ الفاتورة نوع المادة (كوها)
    Dewey Decimal Classification     المكتبة المركزية المكتبة المركزية الإعارة 06/07/2004 321305   214.1 / ز 321305 28/07/2025 06/07/2004 كتب
    Dewey Decimal Classification     مكتبة صويلح العامة مكتبة صويلح العامة الإعارة 13/09/2015 [12058   214.1/ز PLD00346715 28/07/2025 13/09/2015 كتب
Implemented & Customized by: BBB with SCIT (Smart Chains for Information Technology)

Powered by Koha